000
00449nam a2200145Ia 4500
008
100122s9999 xx 000 0 und d
082
_b
45519
_a
294.592
100
_a
देशपांडे म श्री
245
_a
बोधसुधा
260
_b
गुरुदेव रानडे समाधी ट्रस्ट
_c
1988
300
_a
233
630
_a
बोधसुधा
730
_a
बोधसुधा
942
_c
BOOK
999
_c
424972
_d
424969